000 01318cad a22002415a 4500
001 L140344
008 070919e20070417xxk f 100 0 eng d
035 _a(Sirsi) u140344
041 0 _aeng
050 0 4 _a333.72 $2 18
100 1 _aLewis, David
245 0 0 _aEnergy generation
_bnew markets for old woods?
_h[electronic resource]
260 _aCirencester
_bRoyal Agricultural College
_c2007
490 0 _aROOTS
_v2007
520 _aIn the context of the growing interest in renewable energy and the potential use of wood biomass to generate energy, this paper investigates the markets and the supply infrastructure for wood biomass for heating, and considers the costs that landowners would incur for supplying wood biomass. Reveals there is a substantial potential supply of timber in the southwest England that could be used to generate considerable amounts of energy.
590 _aKA
651 4 _aUnited Kingdom
_y
690 _aENVIRONMENTAL AND LAND CONSULTANCY-ENERGY-RENEWABLE ENERGY
710 2 _aRoyal Institution of Chartered Surveyors
_bResearch
_94902
711 2 _aROOTS Rural Research Conference 2007
_cRICS Headquarters, London
_d17 April 2007
856 4 0 _uhttps://www.rics.org/RICSWEB/getpage.aspx?p=v5g44XKY7UmbVmoMp_peGA
_zView the item free of charge at www.rics.org...
942 _n0
999 _c107486
_d107486